00638nam a22001937a 450000500170000000800410001702000180005804000180007608200200009410000190011424500510013325000410018426000610022530000240028665000300031065000290034065000400036965000350040920230308113309.0220309b ||||| |||| 00| 0 eng d a9789356931879 cAIMIT LIBRARY 214a658.4bASWK aAswathappa, K. aOrganisational Behaviour /cBy K. Ashwathappa. a14th ed.bForteenth revised edition. aNew Delhi :bHimalaya Publishing House Pvt. Ltd ,c2023. axvi,811p. ;c28 cm. aOrganisational Behaviour. aThe emerging Challenges. aMotivation theories and principles. aPower and Political behaviour.